000 00302nam a2200133Ia 4500
100 _aSwinehart/ H.J. ed.
942 _cBK
654 _aCutting tool material
245 _aCutting tool material selection
260 _bAstme
_aMichigan
_c1967
082 _a621.93
300 _a155
546 _aENGLISH
999 _c29256
_d29256